| 000 | 00357nam a2200133Ia 4500 | ||
|---|---|---|---|
| 008 | 220217s9999||||xx |||||||||||||| ||und|| | ||
| 020 | _a81-7758-154-6 | ||
| 082 | _a004.165 SIM | ||
| 100 |
_aSimon, David, E _93022 |
||
| 245 | 0 | _aEmbedded software primer | |
| 260 |
_aPearson education asia _bDelhi _c2007 |
||
| 300 | _b385 | ||
| 650 | _aMICROPROCESSOR | ||
| 999 |
_c177034 _d177034 |
||